[Event "Tradewise Hastings Masters 15-16"]
[Site "Hastings, England"]
[Date "2016.01.05"]
[Round "9.1"]
[White "Khenkin, Igor"]
[Black "Vakhidov, Jahongir"]
[Result "1/2-1/2"]
[WhiteElo "2605"]
[BlackElo "2546"]
[PlyCount "72"]
[EventDate "2016.??.??"]
[WhiteClock "0:26:19"]
[BlackClock "0:37:54"]

1. d4 Nf6 2. c4 e6 3. Nf3 d5 4. Nc3 Bb4 5. Bg5 dxc4 6. e4 c5 7. Bxc4 cxd4 8.
Nxd4 Bxc3+ 9. bxc3 Qa5 10. Bb5+ Bd7 11. Bxf6 gxf6 12. Bxd7+ Nxd7 13. O-O a6 14.
Rb1 Qc7 15. Qh5 Nc5 16. Rb4 Qe5 17. Qh4 Rd8 18. Nf3 Qxc3 19. e5 Rg8 20. Qxh7
Ke7 21. Rf4 f5 22. Qh4+ Ke8 23. Qh7 Ke7 24. Rd4 Rxg2+ 25. Kxg2 Rxd4 26. Nxd4
Qxd4 27. Qg7 Nd3 28. Qg5+ Kf8 29. Qe3 Qd5+ 30. Qf3 Qc4 31. Rg1 b5 32. Qa8+ Ke7
33. Qb7+ Kf8 34. Qb8+ Ke7 35. Qd6+ Ke8 36. Qb8+ Ke7 1/2-1/2

[Event "Tradewise Hastings Masters 15-16"]
[Site "Hastings, England"]
[Date "2016.01.05"]
[Round "9.2"]
[White "Berkes, Ferenc"]
[Black "Sulskis, Sarunas"]
[Result "1/2-1/2"]
[WhiteElo "2650"]
[BlackElo "2535"]
[PlyCount "120"]
[EventDate "2016.??.??"]
[WhiteClock "0:34:21"]
[BlackClock "0:20:11"]

1. d4 Nf6 2. c4 e6 3. Nc3 Bb4 4. g3 c5 5. Nf3 Ne4 6. Qd3 Qa5 7. Qxe4 Bxc3+ 8.
Bd2 Bxd2+ 9. Nxd2 Nc6 10. d5 Nd4 11. Bg2 O-O 12. Qd3 exd5 13. Bxd5 d6 14. O-O
Bf5 15. Be4 Bxe4 16. Nxe4 Rae8 17. e3 Nc6 18. Nxd6 Rd8 19. Rfd1 Rd7 20. Qb3 Qc7
21. Nb5 Qc8 22. Nd6 Qc7 23. Ne4 Ne5 24. f4 Ng4 25. h3 Re7 26. hxg4 Rxe4 27. Kf2
Rfe8 28. Rd3 Qc8 29. Rad1 Qxg4 30. Qxb7 h5 31. Qd7 Qxd7 32. Rxd7 Rxe3 33. Rd8
Re2+ 34. Kf1 Re1+ 35. Kf2 R1e2+ 36. Kf1 Re1+ 37. Rxe1 Rxd8 38. Re5 Rd2 39. b3
Rxa2 40. Rxc5 g6 41. b4 a6 42. Rc8+ Kg7 43. c5 Rb2 44. Rb8 Rc2 45. Rb7 a5 46.
bxa5 Rxc5 47. a6 Ra5 48. a7 Ra2 49. Ke1 Kf6 50. Kd1 Ke6 51. Kc1 f6 52. Kb1 Ra6
53. Kc2 Kf5 54. Rf7 Kg4 55. Rxf6 Rxa7 56. Rxg6+ Kf3 57. f5 Rf7 58. Rg5 Ke4 59.
Rxh5 Rxf5 60. Rxf5 Kxf5 1/2-1/2

[Event "Tradewise Hastings Masters 15-16"]
[Site "Hastings, England"]
[Date "2016.01.05"]
[Round "9.3"]
[White "Flear, Glenn C"]
[Black "Mista, Aleksander"]
[Result "0-1"]
[WhiteElo "2459"]
[BlackElo "2567"]
[PlyCount "80"]
[EventDate "2016.??.??"]
[WhiteClock "0:02:09"]
[BlackClock "1:12:18"]

1. d4 Nf6 2. c4 g6 3. Nc3 d5 4. cxd5 Nxd5 5. Bd2 Bg7 6. e4 Nxc3 7. Bxc3 O-O 8.
Qd2 c5 9. d5 Bxc3 10. Qxc3 e6 11. Rd1 exd5 12. Rxd5 Qe7 13. Bd3 Be6 14. Rxc5
Rd8 15. Be2 Nd7 16. Rc7 Bxa2 17. f3 Be6 18. h4 Qd6 19. h5 Qg3+ 20. Kf1 Ne5 21.
hxg6 Nxg6 22. Nh3 Rac8 23. Rxc8 Rxc8 24. Qd2 Bxh3 25. Rxh3 Qf4 26. Qd4 Rc2 27.
Qd8+ Kg7 28. Qd4+ Qe5 29. Qxe5+ Nxe5 30. b3 Ng6 31. Bc4 a6 32. Bxf7 Nf4 33. Rh4
Nxg2 34. Rh5 Ne3+ 35. Ke1 Kxf7 36. Rxh7+ Ke6 37. Rxb7 Ra2 38. f4 Ng2+ 39. Kd1
Nxf4 40. Kc1 Ne2+ 0-1

[Event "Tradewise Hastings Masters 15-16"]
[Site "Hastings, England"]
[Date "2016.01.05"]
[Round "9.4"]
[White "Fodor, Tamas Jr"]
[Black "Williams, Simon K"]
[Result "1-0"]
[WhiteElo "2492"]
[BlackElo "2439"]
[PlyCount "85"]
[EventDate "2016.??.??"]
[WhiteClock "0:03:40"]
[BlackClock "0:17:04"]

1. d4 g6 2. e4 Bg7 3. c4 d6 4. Nc3 Nf6 5. Bd3 O-O 6. Nge2 Nc6 7. O-O Nd7 8. Be3
e5 9. d5 Nd4 10. Bb1 Nxe2+ 11. Qxe2 f5 12. exf5 gxf5 13. f4 e4 14. Bc2 Kh8 15.
Rad1 Nf6 16. h3 Bd7 17. Rd2 Qe8 18. Kf2 Nh5 19. Bd1 Nf6 20. Rg1 h5 21. Ke1 Qg6
22. Qf2 a6 23. a4 b5 24. axb5 axb5 25. cxb5 Ra1 26. Qh4 Nh7 27. Kf2 Bf6 28.
Qxh5 Qg7 29. g3 Rg8 30. Qe2 Be8 31. Kf1 Qh6 32. Qh2 Qh5 33. Kf2 Rxd1 34. Nxd1
Bxb5 35. Ke1 Qf7 36. g4 Bh4+ 37. Bf2 e3 38. Bxh4 exd2+ 39. Qxd2 Re8+ 40. Ne3
Re4 41. gxf5 Qh5 42. Qc3+ Re5 43. Rg4 1-0

[Event "Tradewise Hastings Masters 15-16"]
[Site "Hastings, England"]
[Date "2016.01.05"]
[Round "9.5"]
[White "Sarkar, Justin"]
[Black "Hebden, Mark L"]
[Result "1-0"]
[WhiteElo "2407"]
[BlackElo "2469"]
[PlyCount "61"]
[EventDate "2016.??.??"]
[WhiteClock "0:06:29"]
[BlackClock "0:49:11"]

1. d4 Nf6 2. c4 g6 3. Nc3 Bg7 4. e4 d6 5. Nf3 O-O 6. Be2 e5 7. O-O Nc6 8. d5
Ne7 9. b4 a5 10. Ba3 axb4 11. Bxb4 b6 12. a4 Re8 13. Qd3 Nf5 14. a5 bxa5 15.
Rxa5 Rb8 16. Nb5 Bd7 17. Ra7 Bxb5 18. cxb5 Nd4 19. Nxd4 exd4 20. Ba5 Rc8 21.
Rc1 Nxe4 22. Rcxc7 Rxc7 23. Bxc7 Qg5 24. g3 Qc1+ 25. Bf1 h5 26. b6 Nc5 27. Qc4
Qb1 28. Bxd6 d3 29. Qf4 f5 30. Bxc5 Re1 31. Qb8+ 1-0

[Event "Tradewise Hastings Masters 15-16"]
[Site "Hastings, England"]
[Date "2016.01.05"]
[Round "9.6"]
[White "Bagi, Mate"]
[Black "Batchelor, Peter J"]
[Result "1/2-1/2"]
[WhiteElo "2440"]
[BlackElo "2307"]
[PlyCount "72"]
[EventDate "2016.??.??"]
[WhiteClock "0:04:42"]
[BlackClock "0:04:21"]

1. e4 c6 2. d4 d5 3. Nc3 dxe4 4. Nxe4 Nf6 5. Nxf6+ exf6 6. c3 Bd6 7. Bd3 O-O 8.
Qc2 Re8+ 9. Ne2 f5 10. Bxf5 Bxf5 11. Qxf5 Nd7 12. Be3 Nb6 13. O-O Nd5 14. Ng3
g6 15. Qf3 Nxe3 16. fxe3 f5 17. Nh1 Bf8 18. Rae1 Qd5 19. Qxd5+ cxd5 20. Re2 Re6
21. Rfe1 b5 22. Nf2 a5 23. Nd3 a4 24. Nf4 Rd6 25. Rb1 Rc8 26. Kf2 g5 27. Nd3
Re6 28. Ke1 Bd6 29. h3 Kg7 30. Kd2 Rce8 31. Rf1 Kg6 32. Ref2 Rxe3 33. Rxf5 Bf4
34. R5xf4 gxf4 35. Nxf4+ Kg5 36. Rf2 Kh4 1/2-1/2

[Event "Tradewise Hastings Masters 15-16"]
[Site "Hastings, England"]
[Date "2016.01.05"]
[Round "9.7"]
[White "Romanishin, Oleg M"]
[Black "Bates, Richard A"]
[Result "1/2-1/2"]
[WhiteElo "2462"]
[BlackElo "2331"]
[PlyCount "35"]
[EventDate "2016.??.??"]
[WhiteClock "0:56:45"]
[BlackClock "0:38:54"]

1. Nf3 Nf6 2. d4 g6 3. g3 Bg7 4. Bg2 O-O 5. O-O d6 6. a4 a5 7. Nc3 Nc6 8. Nb5
Nb4 9. c3 Na6 10. Bf4 c6 11. Na3 h6 12. Qc1 Kh7 13. Nc4 Be6 14. b3 c5 15. Qd1
Bd5 16. Rc1 cxd4 17. cxd4 Nb4 18. Bd2 1/2-1/2

[Event "Tradewise Hastings Masters 15-16"]
[Site "Hastings, England"]
[Date "2016.01.05"]
[Round "9.8"]
[White "Nagy, Gabor"]
[Black "Radovanovic, Jovica"]
[Result "1/2-1/2"]
[WhiteElo "2403"]
[BlackElo "2321"]
[PlyCount "119"]
[EventDate "2016.??.??"]
[WhiteClock "2:01:59"]
[BlackClock "0:02:24"]

1. e4 c5 2. Nf3 d6 3. d4 cxd4 4. Nxd4 Nf6 5. Nc3 a6 6. Qd3 g6 7. Bg5 Bg7 8.
O-O-O Nbd7 9. f4 O-O 10. Be2 Qc7 11. Bf3 h6 12. Bh4 e5 13. Nb3 exf4 14. Qxd6
Qxd6 15. Rxd6 g5 16. Bf2 Re8 17. Rhd1 Ne5 18. Nc5 Bg4 19. Bd4 Nxf3 20. gxf3
Bxf3 21. Bxf6 Bxd1 22. Bxg7 Kxg7 23. Rxd1 b6 24. Nd3 Rad8 25. Rg1 Kh7 26. Nb4
a5 27. Nbd5 Rd6 28. h4 Re5 29. hxg5 hxg5 30. Kd2 Rxe4 31. Rxg5 Rd4+ 32. Ke2 f6
33. Rf5 Kg6 34. Ne7+ Kf7 35. Nc8 Re6+ 36. Kf3 Re3+ 37. Kf2 Rd2+ 38. Kf1 Rh3 39.
Kg1 Rg3+ 40. Kf1 Rh3 41. Kg1 f3 42. Nd6+ Rxd6 43. Ne4 Rd1+ 44. Kf2 Rh2+ 45. Kg3
Rg2+ 46. Kxf3 Rf1+ 47. Kxg2 Rxf5 48. Nd6+ Ke6 49. Nxf5 Kxf5 50. a4 Ke4 51. Kf2
Kd4 52. Kf3 Kc4 53. Ke4 Kb4 54. Kf5 Kxa4 55. Kxf6 Kb4 56. Ke5 Kc4 57. Ke4 b5
58. Ke3 b4 59. Kd2 a4 60. Kc1 1/2-1/2

[Event "Tradewise Hastings Masters 15-16"]
[Site "Hastings, England"]
[Date "2016.01.05"]
[Round "9.9"]
[White "Eggleston, David J"]
[Black "Karthik, V. AP."]
[Result "1-0"]
[WhiteElo "2396"]
[BlackElo "2310"]
[PlyCount "175"]
[EventDate "2016.??.??"]
[WhiteClock "0:45:26"]
[BlackClock "0:03:38"]

1. e4 e5 2. Nf3 Nc6 3. Bc4 Bc5 4. c3 Nf6 5. d3 a6 6. O-O Ba7 7. Bb3 d6 8. Nbd2
O-O 9. h3 Be6 10. Re1 h6 11. Nf1 Re8 12. Ng3 d5 13. Qe2 Qd7 14. Nh4 Rad8 15.
Nh5 Nxh5 16. Qxh5 dxe4 17. dxe4 Bxb3 18. axb3 Qe6 19. b4 Rd3 20. Nf5 Qf6 21.
Ne3 Red8 22. Qe2 Qg6 23. Qg4 Qf6 24. Rf1 Ne7 25. g3 c6 26. Kg2 Kh7 27. h4 Qg6
28. h5 Qf6 29. Nc4 Nc8 30. Ra5 b5 31. Ne3 Nd6 32. Rxa6 Bxe3 33. Bxe3 Nc4 34.
Bc1 Nd2 35. Re1 Nf3 36. Re3 Rxe3 37. Bxe3 Rd1 38. Qf5+ Qxf5 39. exf5 e4 40. Ra7
Rg1+ 41. Kh3 f6 42. Kg4 Rh1 43. Kf4 Rxh5 44. Kxe4 Ne5 45. Bd4 Rh1 46. Bxe5 Re1+
47. Kf4 Rxe5 48. Rc7 Re2 49. f3 Rxb2 50. g4 h5 51. gxh5 Rc2 52. Rxc6 Rc1 53.
Rc5 Kh6 54. Rc8 Kh7 55. Ke4 Kh6 56. f4 Kxh5 57. Rc7 Re1+ 58. Kd5 Kg4 59. Kc5
Kxf5 60. Kxb5 g6 61. Rg7 Re8 62. c4 g5 63. fxg5 fxg5 64. c5 Kf6 65. Rd7 g4 66.
c6 g3 67. Rd2 Rc8 68. Kb6 Rb8+ 69. Ka5 Ra8+ 70. Kb5 Rb8+ 71. Ka4 Ra8+ 72. Kb3
Rg8 73. c7 Rc8 74. Rg2 Rxc7 75. Rxg3 Ke6 76. Rd3 Rb7 77. Kc4 Rc7+ 78. Kb5 Rc8
79. Ka6 Ra8+ 80. Kb7 Ra1 81. b5 Ra5 82. b6 Ra1 83. Kb8 Ke7 84. b7 Ra2 85. Rd5
Ra1 86. Kc7 Rc1+ 87. Kb6 Rb1+ 88. Rb5 1-0

[Event "Tradewise Hastings Masters 15-16"]
[Site "Hastings, England"]
[Date "2016.01.05"]
[Round "9.10"]
[White "Krishna C R G"]
[Black "Rudd, Jack"]
[Result "1-0"]
[WhiteElo "2367"]
[BlackElo "2255"]
[PlyCount "85"]
[EventDate "2016.??.??"]
[WhiteClock "0:31:14"]
[BlackClock "2:01:24"]

1. Nf3 Nf6 2. c4 g6 3. g3 Bg7 4. Bg2 O-O 5. O-O d6 6. d4 Nc6 7. Nc3 a6 8. Qd3
e5 9. dxe5 dxe5 10. Qxd8 Rxd8 11. Bg5 Be6 12. Nd2 h6 13. Bxf6 Rxd2 14. Bxg7
Kxg7 15. b3 Rad8 16. Bxc6 bxc6 17. Rfd1 R8d6 18. Kf1 Rc2 19. Rdc1 Rb2 20. Rab1
Rdd2 21. Ke1 Bf5 22. Rxb2 Rxb2 23. Ra1 h5 24. f3 Rc2 25. Nd1 e4 26. Ne3 Rb2 27.
Nd1 Rc2 28. fxe4 Bg4 29. Nc3 h4 30. Kd1 Rxc3 31. Kd2 Rxg3 32. hxg3 h3 33. b4
Kf6 34. a4 Ke5 35. Ke3 g5 36. Rg1 f6 37. Rd1 Be6 38. Rd4 g4 39. a5 f5 40. b5
cxb5 41. cxb5 axb5 42. Rd8 b4 43. a6 {Kd5} 1-0

[Event "Tradewise Hastings Masters 15-16"]
[Site "Hastings, England"]
[Date "2016.01.05"]
[Round "9.11"]
[White "Singh, Vishnu"]
[Black "Pap, Gyula"]
[Result "0-1"]
[WhiteElo "2180"]
[BlackElo "2551"]
[PlyCount "64"]
[EventDate "2016.??.??"]
[WhiteClock "0:03:19"]
[BlackClock "0:06:51"]

1. d4 Nf6 2. c4 e6 3. Nf3 b6 4. Nc3 Bb7 5. e3 d5 6. cxd5 exd5 7. Be2 a6 8. O-O
Bd6 9. a4 Nc6 10. b3 Qe7 11. Bb2 O-O 12. Qc1 Na5 13. Bd1 Rac8 14. Ba3 c5 15.
Qb2 Ne4 16. Rb1 Rfd8 17. h3 Ng5 18. Qd2 Ne4 19. Qb2 Bb8 20. Be2 Qc7 21. Rfc1
Ng5 22. Nd1 c4 23. bxc4 Nxc4 24. Qa2 Nxf3+ 25. Bxf3 Qh2+ 26. Kf1 Rc6 27. Ke2
Qc7 28. Kf1 Bc8 29. Rc3 a5 30. g3 Bxh3+ 31. Kg1 Rg6 32. e4 Rxg3+ 0-1

[Event "Tradewise Hastings Masters 15-16"]
[Site "Hastings, England"]
[Date "2016.01.05"]
[Round "9.12"]
[White "Gormally, Daniel W"]
[Black "Norton, Craig"]
[Result "1-0"]
[WhiteElo "2506"]
[BlackElo "2146"]
[PlyCount "81"]
[EventDate "2016.??.??"]
[WhiteClock "0:10:36"]
[BlackClock "0:02:35"]

1. e4 c5 2. Nc3 g6 3. d4 Bg7 4. d5 d6 5. Nf3 Nf6 6. h3 O-O 7. Bd3 Na6 8. O-O
Nc7 9. Re1 a6 10. a4 b6 11. Bf4 Bb7 12. Qd2 Qd7 13. Bh6 b5 14. Bxg7 Kxg7 15. b3
Rfe8 16. Ne2 c4 17. bxc4 bxc4 18. Bxc4 Nxe4 19. Qd4+ Nf6 20. Nc3 Kg8 21. Nh2 a5
22. Re3 Ba6 23. Rf3 Bxc4 24. Rxf6 h5 25. Rf3 Ba6 26. g4 e5 27. Qd2 e4 28. Rf4
f5 29. gxf5 gxf5 30. Kh1 Re7 31. Rg1+ Rg7 32. Rxg7+ Kxg7 33. Qd4+ Kg6 34. Nxe4
Qe7 35. Ng3 Nxd5 36. Rxf5 Bb7 37. Nf3 Nf6 38. Kh2 Bxf3 39. Rxf3 Re8 40. Qd3+
Ne4 41. Re3 1-0

[Event "Tradewise Hastings Masters 15-16"]
[Site "Hastings, England"]
[Date "2016.01.05"]
[Round "9.13"]
[White "Gaudeau, Valentin"]
[Black "Arkell, Keith C"]
[Result "0-1"]
[WhiteElo "2080"]
[BlackElo "2490"]
[PlyCount "65"]
[EventDate "2016.??.??"]
[WhiteClock "0:19:18"]
[BlackClock "0:39:06"]

1. f4 d5 2. Nf3 Nd7 3. g3 g6 4. Bg2 Bg7 5. d3 e5 6. fxe5 Nxe5 7. Nxe5 Bxe5 8.
O-O Ne7 9. c3 O-O 10. Bh6 Bg7 11. Bxg7 Kxg7 12. e4 dxe4 13. Bxe4 c6 14. Qe2 Bh3
15. Re1 Qd7 16. Nd2 Rfe8 17. Nc4 Nd5 18. Qd2 Nf6 19. Bg2 Bxg2 20. Kxg2 Rad8 21.
Rxe8 Rxe8 22. Kg1 Ng4 23. Rd1 b5 24. Na5 Re3 25. Nb3 Qe7 26. Nc1 h5 27. Rf1 h4
28. gxh4 Qxh4 29. d4 f5 30. b3 Qh3 31. Qg2 Qxg2+ 32. Kxg2 Rxc3 33. Kg1 0-1

[Event "Tradewise Hastings Masters 15-16"]
[Site "Hastings, England"]
[Date "2016.01.05"]
[Round "9.14"]
[White "Cunningham, Robin"]
[Black "Ripari, Marcelo"]
[Result "1/2-1/2"]
[WhiteElo "2205"]
[BlackElo "2310"]
[PlyCount "20"]
[EventDate "2016.??.??"]
[WhiteClock "1:44:12"]
[BlackClock "1:44:44"]

1. e4 c5 2. Nf3 Nc6 3. c3 e6 4. d4 d5 5. exd5 exd5 6. Bb5 Bd6 7. O-O Nge7 8.
dxc5 Bxc5 9. Nbd2 O-O 10. Nb3 Bd6 1/2-1/2

[Event "Tradewise Hastings Masters 2015-16"]
[Site "Hastings, England"]
[Date "2016.01.05"]
[Round "9.1"]
[White "Hand, Freddie"]
[Black "Prosviriakov, Vladimir"]
[Result "0-1"]
[WhiteElo "1878"]
[BlackElo "2232"]
[PlyCount "64"]
[EventDate "2016.??.??"]
[WhiteClock "0:01:18"]
[BlackClock "0:42:31"]

1. d4 d6 2. e4 Nf6 3. f3 d5 4. Nc3 e6 5. Be3 Be7 6. Nge2 b6 7. Nf4 Bb7 8. exd5
exd5 9. Qd2 Na6 10. Be2 c6 11. O-O Nc7 12. Rfe1 O-O 13. Bd1 Bd6 14. Nce2 Qd7
15. c3 Rae8 16. Ng3 Ne6 17. Bc2 Qc7 18. Nxe6 fxe6 19. Bf2 Bf4 20. Qd3 g6 21.
Nf1 c5 22. Bg3 Nh5 23. Bxf4 Nxf4 24. Qd2 e5 25. dxe5 Rxe5 26. Rxe5 Qxe5 27. Re1
Qg5 28. Bb3 Kg7 29. Ne3 d4 30. cxd4 Bxf3 31. dxc5 Bxg2 32. Qd4+ Kh6 0-1

[Event "Tradewise Hastings Masters 2015-16"]
[Site "Hastings, England"]
[Date "2016.01.05"]
[Round "9.2"]
[White "Eggleston, Thomas A"]
[Black "Taylor, Adam C"]
[Result "1/2-1/2"]
[WhiteElo "2159"]
[BlackElo "2282"]
[PlyCount "154"]
[EventDate "2016.??.??"]
[WhiteClock "0:27:45"]
[BlackClock "0:35:06"]

1. e4 e5 2. Nf3 Nc6 3. Bb5 a6 4. Ba4 Nge7 5. O-O g6 6. d4 exd4 7. Nxd4 b5 8.
Bb3 Bg7 9. Nxc6 Nxc6 10. a4 Bb7 11. Nc3 Nd4 12. Be3 Nxb3 13. cxb3 O-O 14. Bd4
Bc6 15. f4 Re8 16. Bxg7 Kxg7 17. Qd4+ Qf6 18. e5 Qe6 19. Rae1 f5 20. Re3 Rab8
21. axb5 axb5 22. Rd1 Kf7 23. Rh3 h5 24. Na2 Red8 25. Nb4 Be4 26. Rc3 Rb7 27.
Rdc1 Ke8 28. Rxc7 Rxc7 29. Rxc7 Qxb3 30. Ra7 h4 31. Na6 Qc2 32. Nc7+ Kf7 33.
Qf2 Qc1+ 34. Qf1 Qxf1+ 35. Kxf1 Rc8 36. Kf2 Ke7 37. Ke3 Bxg2 38. Nxb5 Rb8 39.
Nd4 Rxb2 40. e6 Bb7 41. exd7 Kxd7 42. Nf3 Rb3+ 43. Ke2 h3 44. Ng5 Rb2+ 45. Ke1
Kc8 46. Nxh3 Rxh2 47. Ng5 Rb2 48. Ra4 Kd7 49. Rd4+ Ke7 50. Rd2 Rb4 51. Rf2 Bd5
52. Kd2 Kd6 53. Ke3 Rb3+ 54. Kd4 Ra3 55. Rf1 Ra4+ 56. Ke3 Bc4 57. Rb1 Kc5 58.
Rb8 Ra3+ 59. Kf2 Bd5 60. Rb2 Rd3 61. Re2 Kd4 62. Rb2 Bb3 63. Re2 Bd5 64. Rb2
Rd1 65. Re2 Rh1 66. Rd2+ Kc4 67. Ke3 Rg1 68. Rc2+ Kb3 69. Rd2 Kc4 70. Rc2+ Kb4
71. Kd4 Bb3 72. Re2 Rf1 73. Ke5 Bc4 74. Re3 Ra1 75. Rh3 Ra6 76. Rh8 Kc3 77.
Rh3+ Kb4 {Ke4} 1/2-1/2

[Event "Tradewise Hastings Masters 2015-16"]
[Site "Hastings, England"]
[Date "2016.01.05"]
[Round "9.3"]
[White "Anderson, John"]
[Black "Helbig, Paul D"]
[Result "1-0"]
[WhiteElo "2247"]
[BlackElo "2122"]
[PlyCount "61"]
[EventDate "2016.??.??"]
[WhiteClock "1:22:22"]
[BlackClock "1:29:33"]

1. e4 g6 2. d4 Bg7 3. Nf3 c5 4. dxc5 Qa5+ 5. c3 Qxc5 6. Na3 Nf6 7. e5 Ng4 8.
Qd4 d6 9. Bb5+ Bd7 10. Bxd7+ Nxd7 11. Qxg4 Nxe5 12. Nxe5 Qxe5+ 13. Qe2 Rc8 14.
Qxe5 Bxe5 15. O-O a6 16. Be3 b5 17. Nc2 Kd7 18. a4 f5 19. axb5 axb5 20. Ra7+
Rc7 21. Rfa1 Rhc8 22. f4 Bf6 23. Kf1 e5 24. Ke2 Ke6 25. Rxc7 Rxc7 26. Ra5 exf4
27. Bxf4 Bxc3 28. bxc3 Rxc3 29. Kd2 Rc4 30. g3 b4 31. Rb5 {Kd5} 1-0

[Event "Tradewise Hastings Masters 2015-16"]
[Site "Hastings, England"]
[Date "2016.01.05"]
[Round "9.4"]
[White "Lyell, Mark"]
[Black "Brewer, Callum D"]
[Result "1-0"]
[WhiteElo "2228"]
[BlackElo "1945"]
[PlyCount "83"]
[EventDate "2016.??.??"]
[WhiteClock "0:48:56"]
[BlackClock "0:00:43"]

1. e4 c6 2. Nc3 d5 3. Nf3 Bg4 4. h3 Bxf3 5. Qxf3 e6 6. d3 Nd7 7. Bd2 Ngf6 8. g4
g6 9. Qg3 Bg7 10. Be2 b5 11. e5 Ng8 12. d4 Ne7 13. f4 Rb8 14. Bd3 b4 15. Na4 c5
16. Nxc5 Nxc5 17. dxc5 Qc7 18. Be3 Nc6 19. h4 h5 20. O-O-O Qa5 21. Kb1 hxg4 22.
Qxg4 b3 23. cxb3 Nb4 24. a3 Nxd3 25. Rxd3 Rh5 26. Rc3 Bf8 27. b4 Qb5 28. c6 Rc8
29. Rhc1 a5 30. bxa5 Qxa5 31. Bc5 Bxc5 32. Rxc5 Qa4 33. Qg3 Rf5 34. b4 Rxf4 35.
Kb2 Re4 36. Qb3 Qa7 37. b5 Re2+ 38. Kb1 Qb6 39. c7 Re4 40. Rc6 Qd4 41. b6 Re3
42. Qb5 1-0

[Event "Tradewise Hastings Masters 2015-16"]
[Site "Hastings, England"]
[Date "2016.01.05"]
[Round "9.5"]
[White "ter Steeg, Marcus"]
[Black "Rolvag, Mikael"]
[Result "1/2-1/2"]
[WhiteElo "2036"]
[BlackElo "2221"]
[PlyCount "27"]
[EventDate "2016.??.??"]
[WhiteClock "0:54:38"]
[BlackClock "1:14:17"]

1. d4 Nf6 2. c4 e6 3. Nc3 Bb4 4. Qc2 Nc6 5. Nf3 d6 6. a3 Bxc3+ 7. Qxc3 Qe7 8.
b4 O-O 9. b5 Nb8 10. g3 b6 11. Bg2 Bb7 12. a4 a5 13. O-O Nbd7 14. Ba3 1/2-1/2

[Event "Tradewise Hastings Masters 2015-16"]
[Site "Hastings, England"]
[Date "2016.01.05"]
[Round "9.6"]
[White "Atako, Chino C"]
[Black "Gluckman, David"]
[Result "0-1"]
[WhiteElo "2050"]
[BlackElo "2219"]
[PlyCount "86"]
[EventDate "2016.??.??"]
[WhiteClock "0:03:05"]
[BlackClock "0:17:58"]

1. e4 c5 2. Nf3 a6 3. b3 d6 4. Bb2 e5 5. Bc4 g6 6. Nc3 Bg7 7. Qe2 Nc6 8. h3 b5
9. Bd5 Nge7 10. O-O-O O-O 11. Kb1 b4 12. Bxc6 Nxc6 13. Na4 a5 14. c4 Bd7 15. h4
h6 16. Qd3 Qc7 17. h5 g5 18. Ka1 Rae8 19. Qe2 f5 20. d3 Rf7 21. Rd2 Ref8 22.
Qe3 Nd4 23. Nxd4 exd4 24. Qe1 fxe4 25. dxe4 Bxa4 26. bxa4 Qc6 27. f3 Qxa4 28.
Rd3 Qe8 29. Rf1 Qe6 30. Qc1 Be5 31. Qc2 Rf4 32. Rc1 Rh4 33. Qa4 Rxh5 34. Qxa5
Bf4 35. Rcd1 Qxc4 36. Qa4 Rh2 37. a3 Rxg2 38. axb4 Rb8 39. Rb3 Be5 40. Rdd3
Rg1+ 41. Ka2 Rxb4 42. Qa8+ Kh7 43. Ka3 Rd1 0-1

[Event "Tradewise Hastings Masters 2015-16"]
[Site "Hastings, England"]
[Date "2016.01.05"]
[Round "9.7"]
[White "Sikkel, Dirk"]
[Black "Ledger, Dave J"]
[Result "0-1"]
[WhiteElo "1991"]
[BlackElo "2212"]
[PlyCount "84"]
[EventDate "2016.??.??"]
[WhiteClock "0:44:00"]
[BlackClock "0:54:53"]

1. e4 e5 2. Nf3 Nc6 3. Bb5 a6 4. Bxc6 dxc6 5. O-O Qf6 6. d4 exd4 7. Qxd4 Qxd4
8. Nxd4 Bd7 9. Be3 O-O-O 10. Nd2 b6 11. N4b3 Ne7 12. Rad1 f6 13. a4 c5 14. a5
Bb5 15. Rfe1 Nc6 16. axb6 cxb6 17. Nb1 Be7 18. Nc3 Bc4 19. Nd2 Be6 20. Ne2 Nb4
21. Rc1 g5 22. h3 Bd6 23. Rf1 h6 24. c3 Nd3 25. Rc2 Rhg8 26. Nc1 Nf4 27. Kh1
Kb7 28. Bxf4 Bxf4 29. Nf3 h5 30. Ne2 Bc7 31. Nfg1 Bb3 32. Rcc1 Rd2 33. f4 g4
34. h4 Rxb2 35. Rb1 Rxb1 36. Rxb1 Bc2 37. Re1 g3 38. Nh3 Bxe4 39. Nxg3 Bc6 40.
Re3 Rg4 41. Nxh5 Rxg2 42. Re6 Rg4+ 0-1

[Event "Tradewise Hastings Masters 2015-16"]
[Site "Hastings, England"]
[Date "2016.01.05"]
[Round "9.8"]
[White "Roberts, Paul"]
[Black "Ramstad, Havard"]
[Result "1/2-1/2"]
[WhiteElo "2197"]
[BlackElo "2026"]
[PlyCount "94"]
[EventDate "2016.??.??"]
[WhiteClock "0:58:42"]
[BlackClock "0:13:55"]

1. Nf3 Nf6 2. c4 c5 3. g3 b6 4. Bg2 Bb7 5. O-O e6 6. Nc3 d6 7. b3 Be7 8. d4
cxd4 9. Qxd4 O-O 10. Ba3 d5 11. Bxe7 Qxe7 12. cxd5 Nxd5 13. Nxd5 Bxd5 14. Rfd1
Na6 15. Ne5 Rfd8 16. Qf4 Bxg2 17. Kxg2 Qb7+ 18. Qf3 Qxf3+ 19. Kxf3 Kf8 20. Nc6
Rdc8 21. Rac1 Nc5 22. Ne5 f6 23. Nd7+ Ke7 24. Nxc5 Rxc5 25. Rxc5 bxc5 26. Rc1
Rc8 27. Rc4 a6 28. Ke3 Kd6 29. Rh4 h6 30. Ra4 Rc6 31. h4 g5 32. hxg5 hxg5 33.
Kd3 Kc7 34. Ke4 Kb6 35. Rc4 Rd6 36. Ke3 Rd1 37. g4 Ra1 38. Re4 e5 39. Ra4 Rb1
40. f3 Rb2 41. Kd3 Kb5 42. e3 Rf2 43. Ke4 a5 44. Ra3 Kb4 45. Ra4+ Kb5 46. Ra3
Kb4 47. Ra4+ Kb5 1/2-1/2

[Event "Tradewise Hastings Masters 2015-16"]
[Site "Hastings, England"]
[Date "2016.01.05"]
[Round "9.9"]
[White "Golding, James"]
[Black "Kett, Tim"]
[Result "1-0"]
[WhiteElo "1882"]
[BlackElo "2192"]
[PlyCount "77"]
[EventDate "2016.??.??"]
[WhiteClock "0:44:16"]
[BlackClock "0:04:23"]

1. d4 Nf6 2. c4 e6 3. Nf3 d5 4. Nc3 c6 5. Bg5 dxc4 6. e4 b5 7. e5 h6 8. Bh4 g5
9. Nxg5 hxg5 10. Bxg5 Be7 11. exf6 Bxf6 12. Bxf6 Qxf6 13. g3 Na6 14. Bg2 Nb4
15. O-O Bb7 16. Ne4 Qh6 17. h4 O-O-O 18. Nc5 Qf6 19. Qe1 Nd3 20. Qa5 Qxd4 21.
Nxb7 Rdg8 22. Qa6 Qb6 23. Qxb6 axb6 24. Nd6+ Kc7 25. Nxf7 Nxb2 26. Nxh8 Rxh8
27. Rfe1 Kd6 28. Be4 b4 29. Rab1 c3 30. Re2 c5 31. Rexb2 cxb2 32. Rxb2 Ke5 33.
f3 Kd4 34. Kf2 b5 35. Rd2+ Ke5 36. Ke3 c4 37. Rb2 b3 38. axb3 c3 39. Ra2 1-0

[Event "Tradewise Hastings Masters 2015-16"]
[Site "Hastings, England"]
[Date "2016.01.05"]
[Round "9.10"]
[White "Young, Mel J"]
[Black "Lochte, Thomas"]
[Result "1/2-1/2"]
[WhiteElo "1901"]
[BlackElo "2082"]
[PlyCount "56"]
[EventDate "2016.??.??"]
[WhiteClock "0:11:59"]
[BlackClock "0:25:12"]

1. e4 e5 2. Nc3 Bc5 3. f4 d6 4. Nf3 Nc6 5. Bb5 Nf6 6. d3 O-O 7. Bxc6 bxc6 8.
Na4 Bb6 9. Nxb6 axb6 10. O-O Re8 11. Qe1 d5 12. fxe5 dxe4 13. dxe4 Rxe5 14.
Nxe5 Qd4+ 15. Qf2 Qxe5 16. Bf4 Qxb2 17. Bxc7 Be6 18. Bxb6 Nxe4 19. Qd4 Nc3 20.
Rae1 Qxc2 21. Rf2 Qxf2+ 22. Qxf2 Rxa2 23. Qd4 Nd5 24. h3 g5 25. Ra1 Rxa1+ 26.
Qxa1 Nxb6 27. Qa6 Nd5 28. Qxc6 Nf4 1/2-1/2